The world of tones: introduction to music literatura

Guardat en:
Dades bibliogràfiques
Autor principal: Dobszay, László (Autor)
Format: Llibre
Idioma:anglès
Publicat: Kodály Institute 2011
Edició:1a. ed
Matèries:
Etiquetes: Afegir etiqueta
Sense etiquetes, Sigues el primer a etiquetar aquest registre!

MARC

LEADER 00000cam a2200000 a 4500
001 UCF0098
003 CL-VaPUC
008 120427e20110000HU |||||||||||||||||eng|d
020 |a 9789637295386v.1 
020 |a 9789637295393v.2 
082 0 4 |a 781.232  |b DOB  |2 21 
100 |a Dobszay, László  |e author  |9 561915 
245 1 4 |a The world of tones: introduction to music literatura 
250 |a 1a. ed 
300 |a 2 v 
942 |c BK 
945 |d 20120427 00:00:00  |a cmena 
260 |b Kodály Institute  |c 2011 
500 |a v.1: Introductory nores to volumes I-II-III by Marianna Spiegel; Teacher's book and instructions to volume IV 
500 |a v.2: Teacher's book and instructions to volumes V-VI 
650 0 |a Enseñanza de la música  |9 339802 
650 7 |a TONO  |2 CL-VaPUC  |9 306744 
650 0 |a Solfeo  |9 460401 
650 0 |a Ritmo  |9 306417 
650 0 |a Métodos de enseñanza  |9 270413 
650 0 |a Composición musical  |9 306660 
583 |a last modification  |c 20120904 05:32:28  |k Rodrigo Vera 
999 |c 347580  |d 347578 
952 |0 0  |1 0  |2 ddc  |4 0  |6 781_232000000000000_DOB_2011  |7 0  |8 X  |9 449016  |a BIBEDU  |b BIBEDU  |d 2019-11-22  |h v.1  |i 4859790  |l 1  |o 781.232 DOB 2011  |p 4859790  |r 2025-03-06  |s 2025-03-06  |w 2019-11-22  |y BK_F  |k MUS 
952 |0 0  |1 0  |2 ddc  |4 0  |6 781_232000000000000_DOB_2011  |7 0  |8 X  |9 449017  |a BIBEDU  |b BIBEDU  |d 2019-11-22  |h v.2  |i 4859804  |l 1  |o 781.232 DOB 2011  |p 4859804  |r 2025-03-06  |s 2025-03-06  |w 2019-11-22  |y BK_F  |k MUS